| 000 | 00564nam a22001937a 4500 | ||
|---|---|---|---|
| 999 |
_c3702 _d3702 |
||
| 003 | OSt | ||
| 005 | 20181116182843.0 | ||
| 008 | 181116b ||||| |||| 00| 0 eng d | ||
| 020 | _a100615867944 | ||
| 040 |
_bDLC _cDLC _dDLC |
||
| 082 |
_a200.1 _bL634D |
||
| 100 | _aLeslie John G. | ||
| 245 |
_aDefending The Faith In The Last Days:/ _bA Transforming Christian Worldview of Religion, Philosophy, And Science |
||
| 260 |
_aGallup, New Mexico _bDeluge Press _cc2013 |
||
| 300 | _a111p.; | ||
| 504 | _aBibliographies included. | ||
| 650 | _2Faith | ||
| 942 |
_2ddc _cBK |
||